Sports Quiz

Random Sports or Football Quiz
Score 0/100 Timer 10:00
0 Plays Today
Team Player % Correct
ATLJulio Jones
96.5%
PITAntonio Brown
96.5%
DETCalvin Johnson
95.7%
HOUAndre Johnson
95.1%
OAKJames Jones
95%
DENDemaryius Thomas
94.5%
ARIJohn Brown
94.5%
MINCharles Johnson
94.4%
DENJulius Thomas
94%
DALDez Bryant
93.8%
GBJordy Nelson
93.6%
PITMartavis Bryant
92.4%
NYGOdell Beckham Jr.
90.4%
BALSteve Smith
89.7%
WASDeSean Jackson
89.5%
TBVincent Jackson
89.2%
BALTorrey Smith
89.1%
INDT.Y. Hilton
88.9%
BUFFred Jackson
88.5%
CINA.J. Green
87.4%
NERob Gronkowski
84.8%
GBRandall Cobb
84.4%
DENEmmanuel Sanders
84.3%
DETGolden Tate
83.5%
CHIBrandon Marshall
82.9%
TBMike Evans
78.6%
CHIAlshon Jeffery
77.4%
PHIJeremy Maclin
77%
NEJulian Edelman
77%
ATLRoddy White
77%
HOUDeAndre Hopkins
75%
NOJimmy Graham
73.6%
CARKelvin Benjamin
72.8%
SFAnquan Boldin
72.6%
Team Player % Correct
BUFSammy Watkins
71.3%
NYJEric Decker
70.2%
ARILarry Fitzgerald
67.9%
NOMarques Colston
66.8%
CARGreg Olsen
66.7%
SDAntonio Gates
65.2%
INDReggie Wayne
61.1%
WASPierre Garcon
60.3%
SFMichael Crabtree
59.2%
SDKeenan Allen
58.6%
KCDwayne Bowe
58.5%
MIAMike Wallace
58.1%
PITHeath Miller
57.5%
DALJason Witten
57.2%
DALTerrance Williams
55.9%
DENWes Welker
54.9%
SEADoug Baldwin
54.9%
KCTravis Kelce
54.2%
ARIMichael Floyd
53%
SDMalcom Floyd
52.8%
CHIMartellus Bennett
52%
PHIJordan Matthews
51.1%
SEA/NYJPercy Harvin
49%
CINMohamed Sanu
48.9%
NEBrandon LaFell
48.7%
STLJared Cook
48.2%
CHIMatt Forte
48%
TENDelanie Walker
45.7%
PHIRiley Cooper
45.1%
PHIZach Ertz
45%
PITLe'Veon Bell
44.9%
NYGRueben Randle
43.2%
NOBrandin Cooks
43%
NOKenny Stills
42.8%
Team Player % Correct
MIAJarvis Landry
42.5%
INDCoby Fleener
41.6%
JACAllen Robinson
40.8%
CLEMiles Austin
40.8%
TENKendall Wright
39.8%
MINJarius Wright
39.6%
MINGreg Jennings
39.1%
STLKenny Britt
35.1%
JACAllen Hurns
34%
WASJordan Reed
34%
PITMarkus Wheaton
32.1%
MIACharles Clay
32.1%
MIABrian Hartline
31.4%
SDEddie Royal
29.4%
TENNate Washington
28.8%
BUFRobert Woods
28.4%
NYGLarry Donnell
27.4%
ATLHarry Douglas
27.1%
SEAJermaine Kearse
26%
JACCecil Shorts
25.6%
CINJermaine Gresham
25.4%
BALOwen Daniels
23%
CLEAndrew Hawkins
22.2%
OAKAndre Holmes
21.4%
BUFScott Chandler
21.2%
CARJerricho Cotchery
18.4%
TENJustin Hunter
17.8%
OAKMychal Rivera
13.5%
ATLDevin Hester
13.2%
WASNiles Paul
12.2%
WASRoy Helu
9.6%
CLETaylor Gabriel
8.3%

You're not logged in!

Compare scores with friends on all Sporcle quizzes.
OR
Log In

Sporcle TV

Today on Sporcle TV


Watch our educational content, quiz creation guides, and fun videos on Sporcle TV.

Show Comments

Extras

Top Quizzes Today


Score Distribution

Paid Content

Your Account Isn't Verified!

In order to create a playlist on Sporcle, you need to verify the email address you used during registration. Go to your Sporcle Settings to finish the process.

Report this User

Report this user for behavior that violates our Community Guidelines.

Details: